000 00791nam a2200205Ii 4500
003 JO-AjNU
008 230605s9999||||xx |||||||||||||| ||und||
040 _aJO-AjNU
_bara
_erda
_cJO-AjNU
041 _aara
050 1 4 _aHQ25.A7.H3 1983
100 3 _aحطب، زهير ,
_eauthor
_937710
245 0 0 _aتطور بنى الأسرة العربية والجذور التاريخية والاجتماعية لقضاياها المعاصرة
250 _aط3
264 3 1 _aبيروت: معهد الانماء العربي، 1983
300 _a248ص
_bيحتوي ببلوغرافية من ص 240-248ص
336 _atext
_btxt
_2rdacontent
337 _aunmediated
_bn
_2rdamedia
338 _avolume
_bnc
_2rdacarrier
650 4 _aاسرة - عالم عربي - مجتمع عربي
_937711
999 _aA15781
_c19349
_d19349